All Texas Longhorns in the NFL Draft Since 2010 - Statistics

General Stats
  • This quiz has been taken 89 times
  • The average score is 13 of 37
Answer Stats
Year Team Position Round/Pick Player % Correct
2021 Indianapolis QB 6/218 Sam Ehlinger
79%
2020 Jacksonville WR 5/165 Collin Johnson
71%
2020 Baltimore WR 3/92 Devin Duvernay
65%
2010 Cleveland QB 3/85 Colt McCoy
61%
2021 Washington OT 2/51 Sam Cosmi
60%
2018 Dallas OT 2/50 Connor Williams
57%
2011 Buffalo DB 2/34 Aaron Williams
56%
2021 Cincinnati DE 3/69 Joseph Ossai
55%
2018 Seattle P 5/149 Michael Dickson
48%
2020 Miami DB 3/70 Brandon Jones
47%
2017 Houston RB 3/88 D'Onta Foreman
45%
2021 Denver DB 5/152 Caden Sterns
44%
2015 New England DT 1/32 Malcom Brown
44%
2011 Baltimore DB 5/164 Chykie Brown
43%
2011 Pittsburgh DB 3/95 Curtis Brown
43%
2010 Seattle DB 1/14 Earl Thomas
42%
2015 Detroit DB 6/200 Quandre Diggs
35%
2010 Cincinnati WR 3/84 Jordan Shipley
32%
2013 New Orleans DB 1/15 Kenny Vaccaro
31%
2018 Cincinnati LB 3/78 Malik Jefferson
30%
2015 Philadelphia LB 3/84 Jordan Hicks
29%
2019 Houston DE 5/161 Charles Omenihu
27%
2018 Baltimore DB 6/190 DeShon Elliott
27%
2019 Minnesota DB 7/217 Kris Boyd
27%
2015 Dallas TE 7/246 Geoff Swaim
22%
2012 Cleveland LB 6/204 Emmanuel Acho
21%
2013 Buffalo WR 3/78 Marquise Goodwin
21%
2011 Arizona LB 4/103 Sam Acho
21%
2021 Atlanta DE 5/148 Ta'Quon Graham
21%
2012 Washington LB 4/119 Keenan Robinson
19%
2013 Arizona LB 4/103 Alex Okafor
16%
2015 New York Giants DB 5/144 Mykkele Thompson
14%
2010 Baltimore LB 2/43 Sergio Kindle
14%
2010 Oakland/Las Vegas LB 2/44 Lamarr Houston
13%
2016 Indianapolis DT 4/116 Hassan Ridgeway
10%
2012 Miami DT 7/215 Kheeston Randall
10%
2010 Cincinnati LB 4/131 Roddrick Muckelroy
6%
No matching quizzes found
Score Distribution
Percent of People with Each Score
Percentile by Number Answered
Your Score History
You have not taken this quiz